000 00344 a2200157 4500
001 68347
020 _a9788532908209
040 _cAnchieta - Pituba
100 _aMota, Marcos
240 1 0 _aA maldição das fadas
_lpor
245 1 0 _aA maldição das fadas
300 _a216
362 0 _a2017
650 4 _aLiteratura juvenil
942 _cBK
999 _c68347
_d68347